Отображение условий динамики функционирования объекта управления на модель системы реального времени; Известия Томского политехнического университета [Известия ТПУ]; Т. 315, № 5: Управление, вычислительная техника и информатика

Bibliographische Detailangaben
Parent link:Известия Томского политехнического университета [Известия ТПУ]/ Томский политехнический университет (ТПУ).— , 2000-
Т. 315, № 5: Управление, вычислительная техника и информатика.— 2009.— [С. 18-22]
1. Verfasser: Погребной В. К. Владимир Кириллович
Weitere Verfasser: Погребной А. В. Александр Владимирович, Погребной Д. В. Дмитрий Владимирович
Zusammenfassung:Заглавие с титульного листа
Электронная версия печатной публикации
Предложена методика отображения условий динамики функционирования объекта управления на модель системы реального времени, представленную модульной структурой на языке структурного моделирования в форме графа потока данных. Это существенно повысило конструктивность модели и расширило возможности по установлению зависимостей между параметрами динамики модели и характеристиками проектируемой системы. Разработаны формальные методы оценки влияния параметров динамики модели на суммарные объемы потребления вычислительных ресурсов системы – процессорное время, память, пропускная способность сети.
Sprache:Russisch
Veröffentlicht: 2009
Schriftenreihe:Управление, вычислительная техника и информатика
Schlagworte:
Online-Zugang:http://www.lib.tpu.ru/fulltext/v/Bulletin_TPU/2009/v315/i5/03.pdf
Format: MixedMaterials Elektronisch Buchkapitel
KOHA link:https://koha.lib.tpu.ru/cgi-bin/koha/opac-detail.pl?biblionumber=177363

MARC

LEADER 00000nla2a2200000 4500
001 177363
005 20240206153016.0
035 |a (RuTPU)RU\TPU\book\192275 
035 |a RU\TPU\book\192273 
090 |a 177363 
100 |a 20100316d2009 k y0rusy50 ca 
101 0 |a rus 
102 |a RU 
135 |a drnn ---uucaa 
181 0 |a i  
182 0 |a b 
200 1 |a Отображение условий динамики функционирования объекта управления на модель системы реального времени  |f В. К. Погребной, А. В. Погребной, Д. В. Погребной 
203 |a Текст  |c электронный 
215 |a 1 файл (438 Кб) 
225 1 |a Управление, вычислительная техника и информатика 
300 |a Заглавие с титульного листа 
300 |a Электронная версия печатной публикации 
320 |a [Библиогр.: с. 22 (3 назв.)] 
330 |a Предложена методика отображения условий динамики функционирования объекта управления на модель системы реального времени, представленную модульной структурой на языке структурного моделирования в форме графа потока данных. Это существенно повысило конструктивность модели и расширило возможности по установлению зависимостей между параметрами динамики модели и характеристиками проектируемой системы. Разработаны формальные методы оценки влияния параметров динамики модели на суммарные объемы потребления вычислительных ресурсов системы – процессорное время, память, пропускная способность сети. 
337 |a Adobe Reader 
461 1 |0 (RuTPU)RU\TPU\book\176237  |t Известия Томского политехнического университета [Известия ТПУ]  |f Томский политехнический университет (ТПУ)  |d 2000- 
463 1 |0 (RuTPU)RU\TPU\book\192268  |x 1684-8519  |t Т. 315, № 5: Управление, вычислительная техника и информатика  |v [С. 18-22]  |d 2009  |p 212 с. 
610 1 |a системы реального времени 
610 1 |a модели 
610 1 |a граф потока данных 
610 1 |a модульные структуры 
610 1 |a прикладные функции 
610 1 |a программные нагрузки 
610 1 |a процессы 
610 1 |a динамика 
610 1 |a условия 
610 1 |a пропускная способность сети 
610 1 |a труды учёных ТПУ 
610 1 |a электронный ресурс 
700 1 |a Погребной  |b В. К.  |c специалист в области информатики и вычислительной техники  |c профессор Томского политехнического университета, доктор технических наук  |f 1942-  |g Владимир Кириллович  |3 (RuTPU)RU\TPU\pers\19853  |9 7790 
701 1 |a Погребной  |b А. В.  |c специалист в области информатики и вычислительной техники  |c доцент Томского политехнического университета, кандидат технических наук  |f 1973-  |g Александр Владимирович  |3 (RuTPU)RU\TPU\pers\25547  |9 11477 
701 1 |a Погребной  |b Д. В.  |c специалист в области информатики и вычислительной техники  |c доцент Томского политехнического университета, кандидат технических наук  |f 1968-  |g Дмитрий Владимирович  |3 (RuTPU)RU\TPU\pers\25547  |9 11792 
801 1 |a RU  |b 63413507  |c 20090623  |g PSBO 
801 2 |a RU  |b 63413507  |c 20211216  |g PSBO 
856 4 |u http://www.lib.tpu.ru/fulltext/v/Bulletin_TPU/2009/v315/i5/03.pdf 
942 |c CF